000 00764nam a22002177a 4500
003 DO-SdBNP
005 20211022131141.0
008 211022b1999 dr ||||| |||| 00| 0 spa d
020 _a999348282X
040 _aDO-SdBNP
_bspa
_cBNPHU
100 1 _aHernando, Guillermo
_964654
245 1 0 _aBrevario de salud y conducta humana /
_cGuillermo Hernando
260 _a Santo Domingo :
_bUniversitaria-UASD
_c1999.
300 _a81 p. ;
_c21 cm.
490 _aPublicaciones de la Universidad Autónoma de Santo Domingo ;
_v946
490 _aSalud y Sociedad ;
_v33
590 _aInventariado, 2021 /LP
830 _aPublicaciones de la Universidad Autónoma de Santo Domingo ;
_n496
_980324
830 _aSalud y Sociedad ;
_n33
_980325
942 _2ddc
_cLBS1
999 _c50807
_d50807